000 01024nam a2200325 i 4500
001 56612
003 KOSZ 005
005 20211011113932.0
008 090804s2007 pl a |000 0 pol
020 _a8392279743
020 _a9788392279747
040 _cKOSZ 005
_aKOSZ 005
_dKOSZ 005/HR
041 0 _apol
_heng
044 _aPOL
080 _a655.1/.3
100 1 _aBann, David
_eAutor
245 1 0 _aPoligrafia :
_bpraktyczny przewodnik /
_cDavid Bann ; tł. Magdalena Turowska-Rawicz.
260 _aWarszawa :
_bABE Dom Wydawniczy,
_ccop. 2007.
300 _a224 s. :
_bil. kolor. ;
_c23 cm.
380 _aKsiążki
380 _aPublikacje fachowe
388 _a2001-
504 _aBibliogr. s. 219. Indeks.
546 _aTł. z ang.
650 7 _aDrukarstwo
658 _aInżynieria i technika
700 1 _aTurowska-Rawicz, Magdalena
_eTłumaczenie
856 _uhttp://koha.tu.koszalin.pl/cgi-bin/koha/opac-detail.pl?biblionumber=56612
_yKatalog online BPK
942 _cKS
_2UKD
999 _c56612
_d56612